Capitali e Stati dell'America del Nord - Statistics

Statistiche generali
  • Questo quiz è stato fatto 775 volte
  • Il punteggio medio è 14 su 23
Statistiche sulle risposte
Hint Risposta % Corretto
Città del Messico Messico
96%
Ottawa Canada
87%
Panama Panama
87%
Città del Guatemala Guatemala
86%
Washington Stati Uniti d'America
86%
L'Avana Cuba
84%
San Salvador El Salvador
84%
Santo Domingo Repubblica Domincana
74%
Kingston Giamaica
65%
Managua Nicaragua
63%
Port-au-Prince Haiti
61%
Tegucigalpa Honduras
61%
San José Costa Rica
57%
Nassau Bahamas
54%
Belmopan Belize
54%
Port of Spain Trinidad e Tobago
52%
Saint John's Antigua e Barbuda
45%
Bridgetown Barbados
44%
Roseau Dominica
43%
Basseterre Saint Kitts e Nevis
39%
Castries Saint Lucia
38%
Saint George's Grenada
34%
Kingstown Saint Vincent e Grenadine
32%
Nessun quiz corrispondente trovato
Distribuzione punteggi
Percentuale di utenti per punteggio
Percentile per numero di risposta
I tuoi punteggi nel tempo
Non hai fatto questo quiz